| 000 | 01977nkc a2200301za 4500 | ||
|---|---|---|---|
| 001 | 84569 | ||
| 003 | OSt | ||
| 005 | 20260423155940.0 | ||
| 007 | kh boc | ||
| 008 | 250410s1909 sp ||||| ||||||0| i|spa d | ||
| 040 |
_cM-RABA _aM-RABA _bspa |
||
| 245 | 0 | 0 |
_aTrajano hizo construir el Puente de Alcántara en Toledo _h[Material gráfico] _c/ José Arias |
| 246 | _aConstrucción del puente de Alcántara por mandato de Trajano | ||
| 260 |
_b[Hauser y Menet] _c, [ca. 1909] |
||
| 300 |
_a1 fotografía _b: gelatina de plata _c; imagen 14 x 15,7 cm _c; soporte secundario 24 x 30 cm |
||
| 500 | _aFotografía del relieve "Construcción del puente de Alcántara por mandato de Trajano" de José Arias, obteniendo el primer premios de la Academia en Escultura, de segunda clase en el año 1766. Se conserva en el Museo de la Real Academia de Bellas Artes de San Fernando con nº de inventario E-153. | ||
| 500 | _aMontada sobre un soporte secundario de cartón, con texto manuscrito a lápiz en la parte inferior al recto: "Trajano hizo construir el Puente de Alcántara en Toledo. Concurso de 1766. 2ª clase. Premiado D. José Arias, discípulo de Verdiguier, con el 1º Premio de esta clase por falta de votos. Declarado dejado el 2ª premio de la 2ª clase". Nota manuscrita al verso a lápiz rojo: "1766-2ª clase". | ||
| 500 | _aFecha probable de la realización de la fotografía realizada por Hauser y Menet. | ||
| 544 | _aArchivo de la Real Academia de Bellas Artes de San Fernando (Le-4-29-1) | ||
| 600 | 1 | 0 |
_aArias, José de _d(1743-2788) _9111685 |
| 610 | 2 | 4 |
_aReal Academia de Bellas Artes de San Fernando. _975832 |
| 651 | 7 |
_aMadrid _2embne _975182 |
|
| 655 | 7 |
_aFotografías de obras de arte _975675 |
|
| 710 | 2 |
_aHauser y Menet (Madrid) _950978 |
|
| 852 | _jFot-602 | ||
| 856 |
_3Fot-602 _uhttps://archivoybiblioteca.realacademiabellasartessanfernando.com/cgi-bin/koha/opac-retrieve-file.pl?id=c13630bdb196b59d05c6f9eede3a15b7 |
||
| 942 |
_2ddc _cFOTOGRAFÍA _n0 |
||
| 999 |
_c84569 _d84569 |
||